00384nam a2200133Ia 4500008004100000020001500041041001200056082001600068100001300084245010400097260002500201300000800226650001600234221030s9999 xx 000 0 und d a8120308689 aEnglish a105.23bKos aB. Kosko 0aNeural Networks & Fuzzy Systems - A Dynamical Systems Approach to Machine Intelligencecby B. Kosko bPHIaNew Delhic2000 a449 aBE Computer